| 000 | 00354nam a2200133Ia 4500 | ||
|---|---|---|---|
| 005 | 20260328101457.0 | ||
| 008 | 260328s9999||||xx |||||||||||||| ||und|| | ||
| 100 | _aAguilera Rojas, Javier | ||
| 245 | 0 |
_aUrbanismo Español en América / _cJavier Aguilera Rojas |
|
| 260 | _bEditora Nacional Madrid | ||
| 300 | _a234 p. | ||
| 650 | _aURBANISMO | ||
| 942 | _cBK | ||
| 999 |
_c8848 _d8848 |
||